000 00407nam a2200157 a 4500
005 20140412111358.0
008 110120s19uu xx 00 eng d
020 _a971-121-021-5
050 _aFil E
_bPu98 2009
100 _aBigornia, Mike
245 _aSi Putot /
_cMike L. Bigornia.
260 _aPhils :
_bAdarna house,
_c2009.
300 _aunp.
440 _aA book in 2 languages
999 _c105427
_d105427